| 000 | 01264nac a22003251i 4500 | ||
|---|---|---|---|
| 003 | EG-ScBUE | ||
| 005 | 20241217094403.0 | ||
| 008 | 241217t2008 au a f 001 0 eng d | ||
| 020 | _a049511877X | ||
| 020 | _a9780495118770 | ||
| 040 |
_aEG-ScBUE _beng _erda _cEG-ScBUE _dEG-ScBUE |
||
| 082 | 0 | 4 |
_a519.5 _bPEC _222 |
| 100 | 1 |
_aPeck, Roxy, _eauthor. |
|
| 245 | 1 | 0 |
_aIntroduction to statistics and data analysis / _cRoxy Peck, California Polytechnic State University, San Luis Pbispo Chris Olsen, George Washington High School, Cedar Rapids, IA, Jay Devore, California Polytechnic State University, San Luis Pbispo Chris Olsen. |
| 250 | _aThird edition. | ||
| 250 | _aInternational student edition. | ||
| 264 | 1 |
_aAustralia ; _aBelmont, CA : _bThomson Brooks/Cole, _c[2008] |
|
| 264 | 4 | _cc2008 | |
| 300 |
_axxvii, 847, 6 pages : _billustrations (some color) ; _c27 cm |
||
| 336 |
_2rdacontent _atext _btxt |
||
| 337 |
_aunmediated _2rdamedia _bn |
||
| 338 |
_avolume _bnc _2rdacarrier |
||
| 500 | _aIncludes index. | ||
| 650 | 7 |
_aStatistics _vTextbooks. _2BUEsh |
|
| 650 | 7 |
_aMathematical statistics. _2BUEsh |
|
| 655 | _vReading book | ||
| 700 | 1 |
_aOlsen, Chris, _d1948- _eauthor. |
|
| 700 | 1 |
_aDevore, Jay L., _eauthor. |
|
| 942 |
_cBB _2ddc |
||
| 999 |
_c8866 _d8866 |
||